[Event "POL-chT U19 1st League"]
[Site "Suchedniow"]
[Date "2012.07.??"]
[Round "3"]
[White "Holownia, Michal"]
[Black "Erdmann, Krzysztof"]
[Result "1/2-1/2"]
[WhiteElo "1503"]
[BlackElo "1590"]
[PlyCount "56"]
[EventDate "2012.07.21"]
[EventType "team-swiss"]
[EventRounds "9"]
[EventCountry "POL"]
[SourceTitle "EXT 2014"]
[Source "ChessBase"]
[SourceDate "2013.11.20"]
[SourceVersion "1"]
[SourceVersionDate "2013.11.20"]
[SourceQuality "1"]
[WhiteTeam "Wroclaw MUKS MDK Srodmiescie U19"]
[BlackTeam "Jaworzno JKSz MCKiS U19"]
[WhiteTeamCountry "POL"]
[BlackTeamCountry "POL"]

1. e4 e5 2. Nf3 Nc6 3. Bc4 Be7 4. d4 d6 5. dxe5 dxe5 6. Qxd8+ Bxd8 7. Nc3 Bg4 8. Ng5 Bxg5 9. Bxg5 f6 10. Be3 0-0-0 11. f3 Bd7 12. 0-0-0 Nge7 13. Rd2 Na5 14. Be2 a6 15. Rhd1 Be6 16. a3 Bc4 17. Rxd8+ Rxd8 18. Rxd8+ Kxd8 19. Bxc4 Nxc4 20. Bf2 Kd7 21. a4 Ke6 22. b3 Nd6 23. Kd2 b6 24. Kd3 Nb7 25. Kc4 Nd6+ 26. Kd3 Nb7 27. Kc4 Nd6+ 28. Kd3 Nb7 1/2-1/2

[Event "POL-chT U19 42nd"]
[Site "Ustron"]
[Date "2011.??.??"]
[Round "6.4"]
[White "Erdmann, Krzysztof"]
[Black "Kulas, Szymon"]
[Result "0-1"]
[WhiteElo "1597"]
[BlackElo "1945"]
[PlyCount "94"]
[EventDate "2011.06.24"]
[EventType "team-tourn"]
[EventRounds "9"]
[EventCountry "POL"]
[SourceTitle "EXT 2015"]
[Source "ChessBase"]
[SourceDate "2014.11.20"]
[SourceVersion "1"]
[SourceVersionDate "2014.11.20"]
[SourceQuality "1"]
[WhiteTeam "Jaworzno JKSz MCKiS U19"]
[BlackTeam "Wroclaw KS Polonia U19"]
[WhiteTeamCountry "POL"]
[BlackTeamCountry "POL"]

1. e4 c5 2. Nf3 d6 3. d4 cxd4 4. Nxd4 Nf6 5. Nc3 Nc6 6. Bg5 e6 7. Qd2 a6 8. 0-0-0 Bd7 9. f4 b5 10. Nxc6 Bxc6 11. Bd3 Qb6 12. Bxf6 gxf6 13. f5 h5 14. Kb1 Ra7 15. Qf4 Qc5 16. fxe6 fxe6 17. Rhf1 Rf7 18. Qf2 Qxf2 19. Rxf2 Ke7 20. Rdf1 Bh6 21. Ne2 Rg8 22. Nd4 Bb7 23. Re2 Rfg7 24. g3 Rg4 25. c3 h4 26. gxh4 Rxh4 27. Ref2 Rf8 28. Re2 Bf4 29. Rff2 Rfh8 30. Kc2 Be5 31. Nf3 R4h5 32. Kb3 d5 33. Nxe5 Rxe5 34. exd5 Bxd5+ 35. Kc2 Reh5 36. b3 Rh4 37. Kd2 R8h6 38. Kc2 e5 39. Bf5 Be6 40. Be4 R6h5 41. Bb7 a5 42. Bc6 b4 43. c4 Bxc4 44. Rd2 Be6 45. Rg2 Rh7 46. Bd5 Bxd5 47. Rxd5 Rxh2 0-1

[Event "POL-chT U19 2nd League"]
[Site "Chelm Lubelski"]
[Date "2010.07.08"]
[Round "4"]
[White "Szysz, Mateusz"]
[Black "Erdmann, Krzysztof"]
[Result "0-1"]
[WhiteElo "1779"]
[BlackElo "1550"]
[PlyCount "106"]
[EventDate "2010.07.06"]
[EventType "team-tourn"]
[EventRounds "11"]
[EventCountry "POL"]
[SourceTitle "EXT 2011"]
[Source "ChessBase"]
[SourceDate "2010.11.26"]
[SourceVersion "1"]
[SourceVersionDate "2010.11.26"]
[SourceQuality "1"]
[WhiteTeam "Lesniowice U19"]
[BlackTeam "Jaworzno JKSz MCKiS U19 II"]
[WhiteTeamCountry "POL"]
[BlackTeamCountry "POL"]

1. e4 e5 2. Nf3 Nc6 3. Bb5 Nge7 4. 0-0 g6 5. c3 Bg7 6. d4 exd4 7. cxd4 d5 8. exd5 Nxd5 9. Re1+ Be6 10. Bg5 Qd6 11. Nc3 h6 12. Nxd5 Qxd5 13. Bxc6+ bxc6 14. Bf4 0-0 15. Bxc7 Bg4 16. Re3 Bxf3 17. Rxf3 Qxd4 18. Qxd4 Bxd4 19. Rb1 Rfe8 20. Bf4 Kg7 21. Be3 Bxe3 22. Rxe3 Rxe3 23. fxe3 Rd8 24. Kf2 Rd2+ 25. Kf3 h5 26. a3 Rc2 27. b3 Rc3 28. Rb2 g5 29. h3 Kg6 30. Ke4 c5 31. b4 f5+ 32. Kd5 cxb4 33. axb4 Rxe3 34. Kc6 Ra3 35. Kb5 g4 36. hxg4 hxg4 37. Rf2 Kg5 38. Kc4 f4 39. Kd4 g3 40. Re2 f3 41. gxf3 Rxf3 42. Ra2 Rf7 43. Ra5+ Kg4 44. Ra6 Kh3 45. Rh6+ Kg2 46. Ke3 Re7+ 47. Kd2 Kg1 48. Rh5 g2 49. Rh6 Re4 50. b5 Kf2 51. Rf6+ Kg3 52. Kd3 Rg4 53. Ke2 g1Q 0-1